000
00294nam a2200109Ia 4500
008
200302s9999 xx 000 0 und d
100
_a
Arian Mostaedi
245
_a
New Houses in Old Buildings Architectural Design
260
_b
Carles Broto & Josep M Minguet
260
_c
2002
300
_a
239 P.,
999
_c
2059
_d
2059